Účetnictví organizací zahraničního obchodu sbírka příkladů a úloh

Salvato in:
Dettagli Bibliografici
Autore principale: Pilný, Vladimír
Ente Autore: Vysoká škola ekonomická v Praze. Fakulta řízení
Natura: Libro
Lingua:ceco
Pubblicazione: Praha Státní pedagogické nakladatelství 1982
Tags: Aggiungi Tag
Nessun Tag, puoi essere il primo ad aggiungerne!!

MARC

LEADER 00000nam a2200000 4500
001 c134230
005 20190425094203.5
041 0 |a cze 
044 |a CZ 
245 1 0 |a Účetnictví organizací zahraničního obchodu  |b sbírka příkladů a úloh  |c Vladimír Pilný 
264 1 |a Praha  |b Státní pedagogické nakladatelství  |c 1982 
300 |a 126 s. 
100 1 |a Pilný, Vladimír 
710 2 |a Vysoká škola ekonomická v Praze. Fakulta řízení